Central Library OPAC University of Rajshahi

Selected works in two volumes / (Record no. 19130)

MARC details
000 -LEADER
fixed length control field 00668nam a22002057a 4500
001 - CONTROL NUMBER
control field 19130
003 - CONTROL NUMBER IDENTIFIER
rucl marc code BD-RjUL
005 - DATE AND TIME OF LATEST TRANSACTION
control field 20211209000405.0
008 - FIXED-LENGTH DATA ELEMENTS--GENERAL INFORMATION
fixed length control field 140223s1974 ru a|||| |||| 00| 0 eng d
035 ## - SYSTEM CONTROL NUMBER
System control number (BD-RjUL)19188
040 ## - CATALOGING SOURCE
Original cataloging agency BD-RjUL
Language of cataloging eng
Transcribing agency BD-RjUL
Modifying agency BD-RjUL
041 ## - LANGUAGE CODE
Language code of text/sound track or separate title eng
082 04 - DEWEY DECIMAL CLASSIFICATION NUMBER
Classification number 891.713
Author mark and year PUS 1974
100 1# - MAIN ENTRY--PERSONAL NAME
Personal name Pushkin, Alexander
9 (RLIN) 58935
245 1# - TITLE STATEMENT
Title Selected works in two volumes /
Statement of responsibility, etc. by Alexander Pushkin
Number of part/section of a work Volume two
Name of part/section of a work Prose works.
260 ## - PUBLICATION, DISTRIBUTION, ETC. (IMPRINT)
Place of publication, distribution, etc. Moscow :
Name of publisher, distributor, etc. Progress Publishers,
Date of publication, distribution, etc. 1974
300 ## - PHYSICAL DESCRIPTION
Pagination 234 p. :
Illustrations illus. ;
Size 21 cm
650 #0 - SUBJECT ADDED ENTRY--TOPICAL TERM
Topical term or geographic name as entry element Pushkin, Aleksandr Sergeevich, -- -- Translations into English.
Chronological subdivision 1799-1837
9 (RLIN) 58936
942 ## - ADDED ENTRY ELEMENTS (KOHA)
Source of classification or shelving scheme Dewey Decimal Classification
Koha item type Books
Holdings
Lost status Source of classification or shelving scheme Materials specified (bound volume or other part) Damaged status Not for loan Collection code Permanent Location Current Location Shelving location Date acquired Source of acquisition Total Checkouts Full call number Date last seen Copy number Koha item type
  Dewey Decimal Classification V-2   Not For Loan Fiction Central Library, University of Rajshahi Central Library, University of Rajshahi Reading Room 16/04/2009 Azahar uddin Raj.   891.713 PUS 1974 23/02/2014 C-1 Books